000 00333nam a22001457a 4500
020 _a9780851995021
082 _a635.216
_bPRI/PO
100 _aPringle,Bob
_9986
100 _aBishop,Chris
_9987
100 _aClayton,Rob
_9988
245 _aPotatoes Postharvest
260 _aOxfordshire
_bCABI
_c2009
300 _a427
942 _cBK
999 _c14571
_d14571